<?xml version="1.0" encoding="UTF-8"?>
<record
    xmlns:xsi="http://www.w3.org/2001/XMLSchema-instance"
    xsi:schemaLocation="http://www.loc.gov/MARC21/slim http://www.loc.gov/standards/marcxml/schema/MARC21slim.xsd"
    xmlns="http://www.loc.gov/MARC21/slim">

  <leader>00727nam a22001697a 4500</leader>
  <controlfield tag="003">SGT</controlfield>
  <datafield tag="020" ind1=" " ind2=" ">
    <subfield code="a">9788122433548</subfield>
  </datafield>
  <datafield tag="082" ind1=" " ind2=" ">
    <subfield code="a">530.13,AGA</subfield>
  </datafield>
  <datafield tag="100" ind1=" " ind2=" ">
    <subfield code="a">AGARWAL,B.K</subfield>
  </datafield>
  <datafield tag="245" ind1=" " ind2=" ">
    <subfield code="a">STATISTICAL MECHANICS</subfield>
  </datafield>
  <datafield tag="250" ind1=" " ind2=" ">
    <subfield code="a">3RD</subfield>
  </datafield>
  <datafield tag="260" ind1=" " ind2=" ">
    <subfield code="a">NEW DELHI</subfield>
    <subfield code="b">NEW AGE INTERNATIONAL</subfield>
    <subfield code="c">2016</subfield>
  </datafield>
  <datafield tag="300" ind1=" " ind2=" ">
    <subfield code="a">302</subfield>
  </datafield>
  <datafield tag="650" ind1=" " ind2=" ">
    <subfield code="a">PHYSICS</subfield>
  </datafield>
  <datafield tag="653" ind1=" " ind2=" ">
    <subfield code="a"> BASIS OF CLASSICAL STATISTICAL MECHANICS,  QUANTUM PICTURE,  STATISTICAL MECHANICS AND THERMODYNAMICS,  CANONICAL AND GRAND CANONICAL ENSEMBLES,  PARTITION FUNCTION,  IDEAL BOSE-EINSTEIN GAS,  IDEAL FERMI-DIRAC GAS,  SEMICONDUCTOR STATISTICS,  NON-EQUILIBRIUM STATES,  FLUCTUATIONS,  COOPERATIVE PHENOMENA: ISING MODEL,  CRITICAL PHENOMENA,  IRREVERSIBLE THERMODYNAMICS,</subfield>
  </datafield>
  <datafield tag="942" ind1=" " ind2=" ">
    <subfield code="2">ddc</subfield>
    <subfield code="c">FPS</subfield>
    <subfield code="0">1</subfield>
  </datafield>
  <datafield tag="952" ind1=" " ind2=" ">
    <subfield code="0">0</subfield>
    <subfield code="1">0</subfield>
    <subfield code="2">ddc</subfield>
    <subfield code="4">0</subfield>
    <subfield code="7">0</subfield>
    <subfield code="8">FS</subfield>
    <subfield code="a">SSSL</subfield>
    <subfield code="b">SSSL</subfield>
    <subfield code="c">DISPLAY</subfield>
    <subfield code="d">2016-07-01</subfield>
    <subfield code="e">AHUJA BOOKS</subfield>
    <subfield code="g">299.00</subfield>
    <subfield code="i">SGTU</subfield>
    <subfield code="l">19</subfield>
    <subfield code="o">530.13,AGA</subfield>
    <subfield code="p">PS1852</subfield>
    <subfield code="r">2019-10-14 00:00:00</subfield>
    <subfield code="s">2019-09-30</subfield>
    <subfield code="w">2016-04-21</subfield>
    <subfield code="y">FPS</subfield>
    <subfield code="k">6884</subfield>
  </datafield>
  <datafield tag="952" ind1=" " ind2=" ">
    <subfield code="0">0</subfield>
    <subfield code="1">0</subfield>
    <subfield code="2">ddc</subfield>
    <subfield code="4">0</subfield>
    <subfield code="7">0</subfield>
    <subfield code="8">FS</subfield>
    <subfield code="a">SSSL</subfield>
    <subfield code="b">SSSL</subfield>
    <subfield code="c">DISPLAY</subfield>
    <subfield code="d">2016-07-01</subfield>
    <subfield code="e">AHUJA BOOKS</subfield>
    <subfield code="g">299.00</subfield>
    <subfield code="i">SGTU</subfield>
    <subfield code="l">17</subfield>
    <subfield code="o">530.13,AGA</subfield>
    <subfield code="p">PS1853</subfield>
    <subfield code="r">2019-09-20 00:00:00</subfield>
    <subfield code="s">2019-09-14</subfield>
    <subfield code="w">2016-04-21</subfield>
    <subfield code="y">FPS</subfield>
    <subfield code="k">6884</subfield>
  </datafield>
  <datafield tag="952" ind1=" " ind2=" ">
    <subfield code="0">0</subfield>
    <subfield code="1">0</subfield>
    <subfield code="2">ddc</subfield>
    <subfield code="4">0</subfield>
    <subfield code="7">1</subfield>
    <subfield code="8">FS</subfield>
    <subfield code="a">SSSL</subfield>
    <subfield code="b">SSSL</subfield>
    <subfield code="c">REF</subfield>
    <subfield code="d">2016-07-01</subfield>
    <subfield code="e">AHUJA BOOKS</subfield>
    <subfield code="g">299.00</subfield>
    <subfield code="i">SGTU</subfield>
    <subfield code="l">1</subfield>
    <subfield code="o">530.13,AGA</subfield>
    <subfield code="p">PS1854</subfield>
    <subfield code="r">2017-09-04 00:00:00</subfield>
    <subfield code="s">2017-08-22</subfield>
    <subfield code="w">2016-04-21</subfield>
    <subfield code="y">FPS</subfield>
    <subfield code="k">6884</subfield>
  </datafield>
  <datafield tag="952" ind1=" " ind2=" ">
    <subfield code="0">0</subfield>
    <subfield code="1">0</subfield>
    <subfield code="2">ddc</subfield>
    <subfield code="4">0</subfield>
    <subfield code="7">0</subfield>
    <subfield code="8">FS</subfield>
    <subfield code="a">SSSL</subfield>
    <subfield code="b">SSSL</subfield>
    <subfield code="c">DISPLAY</subfield>
    <subfield code="d">2016-07-01</subfield>
    <subfield code="e">AHUJA BOOKS</subfield>
    <subfield code="g">299.00</subfield>
    <subfield code="i">SGTU</subfield>
    <subfield code="l">10</subfield>
    <subfield code="o">530.13,AGA</subfield>
    <subfield code="p">PS1855</subfield>
    <subfield code="r">2024-02-19 00:00:00</subfield>
    <subfield code="s">2024-02-19</subfield>
    <subfield code="w">2016-04-21</subfield>
    <subfield code="y">FPS</subfield>
    <subfield code="k">6884</subfield>
  </datafield>
  <datafield tag="952" ind1=" " ind2=" ">
    <subfield code="0">0</subfield>
    <subfield code="1">0</subfield>
    <subfield code="2">ddc</subfield>
    <subfield code="4">0</subfield>
    <subfield code="7">0</subfield>
    <subfield code="8">FS</subfield>
    <subfield code="a">SSSL</subfield>
    <subfield code="b">SSSL</subfield>
    <subfield code="c">DISPLAY</subfield>
    <subfield code="d">2016-07-01</subfield>
    <subfield code="e">AHUJA BOOK</subfield>
    <subfield code="g">299.00</subfield>
    <subfield code="i">SGTU</subfield>
    <subfield code="l">7</subfield>
    <subfield code="o">530.13,AGA</subfield>
    <subfield code="p">PS1856</subfield>
    <subfield code="r">2019-04-04 00:00:00</subfield>
    <subfield code="s">2019-03-29</subfield>
    <subfield code="w">2016-04-21</subfield>
    <subfield code="y">FPS</subfield>
    <subfield code="k">6884</subfield>
  </datafield>
  <datafield tag="999" ind1=" " ind2=" ">
    <subfield code="c">9381</subfield>
    <subfield code="d">9381</subfield>
  </datafield>
</record>
